| 000 | 005310000a22001810004500 | ||
|---|---|---|---|
| 003 | MACL | ||
| 005 | 20160422124737.0 | ||
| 008 | 160422b xxu||||| |||| 00| 0 eng d | ||
| 040 |
_aMACL _cMACL |
||
| 041 | _aHindi | ||
| 082 | _a200 | ||
| 100 |
_aभटट भरतराम _947182 |
||
| 245 | _aएकता के चार अध्याय | ||
| 260 |
_aनई दिल्ली _bपूनत पुस्तक भवन _c2008 |
||
| 350 | _a200 | ||
| 650 |
_aधर्म _953325 |
||
| 942 |
_cHIN _k200 _2ddc |
||
| 999 |
_c48088 _d48088 |
||